000
00321nam a22001337a 4500
008
180201b xxu||||| |||| 00| 0 eng d
020
_a
9780471384533
041
_a
eng
080
_a
371
100
_a
46
101
_a
EDU
245
_a
A Primer on Organizational Behavior
_c
Bowditch, J.L & Buono, A.F
942
_2
udc
_c
BK
999
_c
41423
_d
41423